| 000 | 00543nam a2200169 i 4500 | ||
|---|---|---|---|
| 001 | 23862 | ||
| 003 | ES-MaACL | ||
| 005 | 20230906152940.0 | ||
| 007 | t| | ||
| 008 | 021212s1866 sp ||||1| spa d | ||
| 100 | 1 |
_aAndonaegui, Juan Antonio. _921500 |
|
| 245 | 1 | 0 |
_aPrograma para la catedra de historia eclesiástica, concilios y colecciones canónicas / _c[Juan Antonio Andonaegui]. |
| 260 |
_aMadrid : _b[s.n.], _c1866. |
||
| 300 |
_a15 p. ; _c22 cm. |
||
| 500 | _aPrecede al tít.: Universidad Central. | ||
| 852 |
_aES-MaACL _jFol-Laf-271 |
||
| 999 |
_c23862 _d23862 |
||